[Event "Titled Tuesday intern op 25th Feb Early"]
[Site "Chess.com INT"]
[Date "2025.02.25"]
[Round "5"]
[White "Uber Gracia, Hugo"]
[Black "Sek, Konstantin"]
[Result "1-0"]
[WhiteElo "2254"]
[BlackElo "2373"]
[PlyCount "71"]
[EventDate "2025.02.25"]
[EventType "swiss (blitz)"]
[EventRounds "11"]
[EventCountry "USA"]
[SourceTitle "CB10_2025"]
[SourceDate "2025.03.05"]
[SourceVersion "1"]
[SourceVersionDate "2025.03.05"]
[SourceQuality "1"]

1. d4 d5 2. e3 c5 3. c3 Nc6 4. Nf3 e6 5. Bd3 f5 6. 0-0 Nf6 7. Ne5 Nxe5 8. dxe5 Ng4 9. f4 c4 10. Be2 h5 11. h3 Qh4 12. Qe1 Qxe1 13. Rxe1 Nh6 14. Bxh5+ Nf7 15. Bf3 g5 16. b3 cxb3 17. axb3 Bc5 18. Kf1 Bd7 19. Nd2 Rc8 20. Ba3 Bb6 21. c4 dxc4 22. Nxc4 Bb5 23. Rac1 Ba5 24. Red1 g4 25. hxg4 fxg4 26. Bxg4 Nh6 27. Bxe6 Rc6 28. Bd7+ Kf7 29. Bxc6 bxc6 30. Kf2 Bd8 31. Nd6+ Ke6 32. Nxb5 cxb5 33. Kf3 Nf5 34. Rc6+ Kf7 35. Rd7+ Ke8 36. Rxa7 1-0

[Event "Barcelona Navidad IM1"]
[Site "Barcelona"]
[Date "2024.12.30"]
[Round "8"]
[White "Perez Perez, Gabriel"]
[Black "Uber Gracia, Hugo"]
[Result "1/2-1/2"]
[WhiteElo "2201"]
[BlackElo "2315"]
[PlyCount "25"]
[EventDate "2024.12.26"]
[EventType "tourn"]
[EventRounds "9"]
[EventCountry "ESP"]
[SourceTitle "CB01_2025"]
[SourceDate "2025.01.01"]
[SourceVersion "1"]
[SourceVersionDate "2025.01.01"]
[SourceQuality "1"]

1. e4 c6 2. Nf3 d5 3. Nc3 dxe4 4. Nxe4 Nf6 5. Qe2 Nxe4 6. Qxe4 Qa5 7. Qf4 Qf5 8. Qe3 Qe6 9. b3 Qxe3+ 10. fxe3 f6 11. d4 Bf5 12. c4 Nd7 13. Bb2 1/2-1/2

[Event "Barcelona Navidad IM1"]
[Site "Barcelona"]
[Date "2024.12.29"]
[Round "7"]
[White "Uber Gracia, Hugo"]
[Black "Garcia Ramos, Daniel"]
[Result "1/2-1/2"]
[WhiteElo "2315"]
[BlackElo "2445"]
[PlyCount "54"]
[EventDate "2024.12.26"]
[EventType "tourn"]
[EventRounds "9"]
[EventCountry "ESP"]
[SourceTitle "CB01_2025"]
[SourceDate "2025.01.01"]
[SourceVersion "1"]
[SourceVersionDate "2025.01.01"]
[SourceQuality "1"]

1. e4 c6 2. Nf3 d5 3. Nc3 dxe4 4. Nxe4 Nf6 5. Qe2 Nxe4 6. Qxe4 Qa5 7. Bc4 Bf5 8. Qf4 e6 9. 0-0 Nd7 10. d3 Be7 11. Bd2 Qc5 12. Bc3 Bf6 13. Bxf6 Nxf6 14. Qd4 Qxd4 15. Nxd4 Bg6 16. a4 0-0-0 17. Nf3 Nd5 18. a5 f6 19. Rfe1 Rhe8 20. Nd2 e5 21. f3 Ne7 22. Ne4 Nf5 23. Rad1 Nd6 24. Bb3 Nb5 25. Bc4 Nd6 26. Bb3 Nb5 27. Bc4 Nd6 1/2-1/2

[Event "Barcelona Navidad IM1"]
[Site "Barcelona"]
[Date "2024.12.27"]
[Round "2"]
[White "Uber Gracia, Hugo"]
[Black "Sviridenko, Yaroslav"]
[Result "1-0"]
[WhiteElo "2315"]
[BlackElo "2120"]
[PlyCount "71"]
[EventDate "2024.12.26"]
[EventType "tourn"]
[EventRounds "9"]
[EventCountry "ESP"]
[SourceTitle "CB01_2025"]
[SourceDate "2025.01.01"]
[SourceVersion "1"]
[SourceVersionDate "2025.01.01"]
[SourceQuality "1"]

1. c4 e5 2. Nc3 Bb4 3. Nd5 Be7 4. d4 exd4 5. Qxd4 Nf6 6. Nxe7 Qxe7 7. Bg5 Nc6 8. Qc3 d6 9. Nf3 Be6 10. e3 Rg8 11. Bd3 h6 12. Bh4 g5 13. Bg3 0-0-0 14. 0-0-0 Nd7 15. Nd4 Nce5 16. Be2 Kb8 17. f4 Nc6 18. Nxc6+ bxc6 19. Bf3 Nb6 20. Bxc6 Bxc4 21. a4 a5 22. Rhe1 d5 23. Qxa5 Rg6 24. Bb5 gxf4 25. exf4 Qc5 26. Qc3 d4 27. Bf2 Rgd6 28. Qc2 Qb4 29. Bxc4 Nxc4 30. Rd3 Na5 31. Re5 Rd5 32. Be1 Qb6 33. Bxa5 Qxa5 34. Rxd4 Qc5 35. Rdxd5 Rxd5 36. Qxc5 1-0

[Event "ESP-ch 89th"]
[Site "Marbella"]
[Date "2024.12.14"]
[Round "4"]
[White "Villar Piriz, Adrian"]
[Black "Uber Gracia, Hugo"]
[Result "1/2-1/2"]
[WhiteElo "2069"]
[BlackElo "2315"]
[PlyCount "97"]
[EventDate "2024.12.11"]
[EventType "swiss"]
[EventRounds "9"]
[EventCountry "ESP"]
[SourceTitle "CB52_2024"]
[SourceDate "2024.12.25"]
[SourceVersion "1"]
[SourceVersionDate "2024.12.25"]
[SourceQuality "1"]

1. Nc3 d5 2. e4 c6 3. d4 dxe4 4. Nxe4 Nf6 5. Ng3 h5 6. h4 c5 7. Be3 Ng4 8. dxc5 Qc7 9. Qd2 Nc6 10. 0-0-0 g6 11. Kb1 Bg7 12. Nf3 0-0 13. Bc4 b6 14. Bf4 e5 15. Bg5 bxc5 16. Qd6 Qb6 17. Qxg6 Rb8 18. b3 Nd4 19. Qxb6 axb6 20. Rd2 e4 21. Nxd4 Bxd4 22. Nxe4 Bb7 23. f3 Bxe4 24. fxe4 Nf2 25. Rf1 Nxe4 26. Rxd4 cxd4 27. Bh6 Rb7 28. Rf5 Ra8 29. a4 Ra5 30. Rf3 Re7 31. Bd3 f5 32. Kb2 Kh7 33. Bf8 Re8 34. Bb4 Rae5 35. c3 dxc3+ 36. Bxc3 Nxc3 37. Bxf5+ Kg7 38. Kxc3 Re3+ 39. Kb4 Rxf3 40. gxf3 Kf6 41. Be4 Re5 42. Kc4 Rc5+ 43. Kd4 Rc1 44. Kd5 Rc5+ 45. Kd4 Rc1 46. Kd5 Rc3 47. b4 Ra3 48. Kc6 Rxa4 49. b5 1/2-1/2

[Event "ESP-ch 89th"]
[Site "Marbella"]
[Date "2024.12.13"]
[Round "3"]
[White "Uber Gracia, Hugo"]
[Black "Santos Martinez, Guillermo"]
[Result "0-1"]
[WhiteElo "2315"]
[BlackElo "2072"]
[PlyCount "124"]
[EventDate "2024.12.11"]
[EventType "swiss"]
[EventRounds "9"]
[EventCountry "ESP"]
[SourceTitle "CB52_2024"]
[SourceDate "2024.12.25"]
[SourceVersion "1"]
[SourceVersionDate "2024.12.25"]
[SourceQuality "1"]

1. e4 c6 2. Nf3 d5 3. Nc3 dxe4 4. Nxe4 Nf6 5. Qe2 Nxe4 6. Qxe4 Nd7 7. Bc4 Nf6 8. Ne5 e6 9. Qe2 b5 10. Bd3 Qc7 11. b3 Bd6 12. Bb2 Nd5 13. 0-0 Nf4 14. Qe3 Nxd3 15. cxd3 0-0 16. Rac1 Bb7 17. Rc2 Bxe5 18. Bxe5 Qd7 19. Bb2 f6 20. d4 a5 21. a4 bxa4 22. bxa4 c5 23. dxc5 Bc6 24. Rfc1 e5 25. Rc4 Rfc8 26. f3 Bxa4 27. d4 Bb5 28. R4c2 exd4 29. Bxd4 a4 30. Bb2 Bc6 31. Rc4 Re8 32. Qf2 a3 33. Ba1 a2 34. Rd4 Qb7 35. Rd2 Qb1 36. Rdd1 Qb3 37. Qg3 Qe3+ 38. Kh1 Qg5 39. Qf2 Kh8 40. Bd4 h6 41. Ra1 Bd5 42. h4 Qf5 43. Rac1 Ra3 44. Rf1 Re6 45. Ba1 Ra4 46. Rfd1 Rea6 47. Kg1 Rb4 48. Qe1 Rb3 49. Qd2 Bc6 50. Qe2 Ra8 51. Qf1 Re8 52. Bd4 Qf4 53. Qf2 Bxf3 54. Rf1 Qg4 55. Bc3 Bd5 56. Qd2 Ba8 57. Rc2 Rb1 58. Qf2 Bd5 59. c6 Bxc6 60. Bxf6 Bb5 61. Rfc1 gxf6 62. Rc7 a1Q 0-1

[Event "ESP-ch 89th"]
[Site "Marbella"]
[Date "2024.12.11"]
[Round "1"]
[White "Uber Gracia, Hugo"]
[Black "Lopez de Turiso, Jose Angel"]
[Result "1-0"]
[WhiteElo "2315"]
[BlackElo "1975"]
[PlyCount "123"]
[EventDate "2024.12.11"]
[EventType "swiss"]
[EventRounds "9"]
[EventCountry "ESP"]
[SourceTitle "CB52_2024"]
[SourceDate "2024.12.25"]
[SourceVersion "1"]
[SourceVersionDate "2024.12.25"]
[SourceQuality "1"]

1. Nf3 g6 2. c4 f5 3. d3 Nc6 4. d4 Bg7 5. Nc3 d6 6. e3 Nf6 7. d5 Ne5 8. Be2 Nxf3+ 9. Bxf3 0-0 10. 0-0 Bd7 11. h3 c5 12. Qe2 Rb8 13. Re1 a6 14. a4 b6 15. Qd3 Qe8 16. Be2 Qf7 17. f4 h6 18. Rf1 Rfd8 19. Bf3 e5 20. e4 exf4 21. Bxf4 Bc8 22. e5 Ne8 23. exd6 Nxd6 24. Rae1 Rb7 25. Re2 Re7 26. Rfe1 Rxe2 27. Rxe2 g5 28. Bg3 Bd4+ 29. Bf2 Bxf2+ 30. Rxf2 Re8 31. Re2 Rxe2 32. Qxe2 Qe8 33. Qxe8+ Nxe8 34. a5 bxa5 35. Na4 Nd6 36. b3 Nb7 37. d6 Nxd6 38. Nxc5 Kf7 39. Kf2 Kf6 40. Ke3 Ke5 41. Nd3+ Ke6 42. Kd4 Kd7 43. Ke5 Kc7 44. Nc5 g4 45. Bd5 h5 46. h4 f4 47. Kxf4 Nf5 48. Be4 Nd4 49. Ke5 Nc6+ 50. Bxc6 Kxc6 51. Ne4 Bb7 52. g3 Kb6 53. c5+ Kc7 54. Kd4 Bc6 55. Nf6 Bf3 56. Nxh5 Bd1 57. Kc3 Kd7 58. Nf6+ Ke6 59. c6 Bf3 60. c7 Bb7 61. Nxg4 Kd7 62. h5 1-0

[Event "Sant Boi de Llobregat op 5th"]
[Site "Sant Boi de Llobregat"]
[Date "2024.12.04"]
[Round "6"]
[White "Adharsh, K."]
[Black "Uber Gracia, Hugo"]
[Result "1/2-1/2"]
[WhiteElo "2235"]
[BlackElo "2327"]
[PlyCount "69"]
[EventDate "2024.11.29"]
[EventType "swiss"]
[EventRounds "10"]
[EventCountry "ESP"]
[SourceTitle "CB50_2024"]
[SourceDate "2024.11.01"]
[SourceVersion "1"]
[SourceVersionDate "2024.11.01"]
[SourceQuality "2"]

1. e4 c6 2. d4 d5 3. e5 c5 4. dxc5 e6 5. c3 Nd7 6. Nf3 Bxc5 7. Bd3 f6 8. Bf4 fxe5 9. Nxe5 Qf6 10. Qa4 Bd6 11. Nxd7 Bxd7 12. Bb5 Qxf4 13. Bxd7+ Ke7 14. Qxf4 Bxf4 15. Ba4 Bc1 16. a3 Bxb2 17. Ra2 Bc1 18. 0-0 Bf4 19. Re2 Bc7 20. Rfe1 e5 21. f4 Nf6 22. fxe5 Ne4 23. g3 Ba5 24. Rd1 Nxc3 25. Nxc3 Bxc3 26. Rxd5 Rad8 27. Bb3 b6 28. e6 Rxd5 29. Bxd5 Rd8 30. Bc6 Rd3 31. a4 a6 32. Kg2 Rd6 33. Bd7 Rd5 34. Rc2 Rd2+ 35. Rxd2 1/2-1/2

[Event "Sant Boi de Llobregat op 5th"]
[Site "Sant Boi de Llobregat"]
[Date "2024.12.01"]
[Round "3"]
[White "Uber Gracia, Hugo"]
[Black "Gaal, Zsoka"]
[Result "0-1"]
[WhiteElo "2327"]
[BlackElo "2425"]
[PlyCount "152"]
[EventDate "2024.11.29"]
[EventType "swiss"]
[EventRounds "10"]
[EventCountry "ESP"]
[SourceTitle "CB50_2024"]
[SourceDate "2024.11.01"]
[SourceVersion "1"]
[SourceVersionDate "2024.11.01"]
[SourceQuality "2"]

1. e4 c6 2. Nf3 d5 3. Nc3 Bg4 4. h3 Bxf3 5. Qxf3 Nf6 6. d4 dxe4 7. Qe3 g6 8. Nxe4 Nxe4 9. Qxe4 Bg7 10. c3 0-0 11. Be2 Nd7 12. 0-0 a5 13. a4 Nf6 14. Qc2 Nd5 15. Bf3 Qc7 16. Re1 e6 17. Bg5 h6 18. Bh4 Rfe8 19. Bg3 Qd7 20. Rad1 Rad8 21. Rd2 Bf6 22. Rdd1 Kg7 23. Qe2 h5 24. Be5 Qe7 25. Rd2 Bxe5 26. Qxe5+ Qf6 27. Qe4 Rd7 28. Rde2 Nf4 29. Re3 Qf5 30. Qxf5 gxf5 31. h4 Kh6 32. Bd1 Rg8 33. g3 Ng6 34. Kf1 Rc8 35. Be2 Rd6 36. Rd1 Rcd8 37. Ke1 f4 38. Red3 f5 39. Kf1 fxg3 40. fxg3 f4 41. gxf4 Rf8 42. Kf2 Rxf4+ 43. Kg3 Rxh4 44. Re3 Rf4 45. Bf3 e5 46. Re4 h4+ 47. Kg2 exd4 48. cxd4 Rdf6 49. Re3 R4f5 50. Be4 Rf2+ 51. Kh3 Rxb2 52. d5 cxd5 53. Bxg6 Rxg6 54. Rxd5 b6 55. Rd4 Rg3+ 56. Rxg3 hxg3 57. Kxg3 Rb4 58. Rd6+ Kg5 59. Kf3 Kf5 60. Ke3 Ke5 61. Rh6 Kd5 62. Kd3 Kc5 63. Kc3 Rxa4 64. Kb3 Rb4+ 65. Ka3 Rd4 66. Rh5+ Rd5 67. Rh4 Rd3+ 68. Kb2 b5 69. Rh5+ Kc4 70. Rh4+ Rd4 71. Rh8 a4 72. Rh7 Kb4 73. Rh8 a3+ 74. Kb1 Ka4 75. Kc2 Rc4+ 76. Kb1 b4 0-1

[Event "Sant Boi de Llobregat op 5th"]
[Site "Sant Boi de Llobregat"]
[Date "2024.11.30"]
[Round "2"]
[White "Giacomini, Hector"]
[Black "Uber Gracia, Hugo"]
[Result "0-1"]
[WhiteElo "2095"]
[BlackElo "2327"]
[PlyCount "90"]
[EventDate "2024.11.29"]
[EventType "swiss"]
[EventRounds "10"]
[EventCountry "ESP"]
[SourceTitle "CB50_2024"]
[SourceDate "2024.11.01"]
[SourceVersion "1"]
[SourceVersionDate "2024.11.01"]
[SourceQuality "2"]

1. Nf3 d5 2. e3 g6 3. d4 Bg7 4. c4 e6 5. Nc3 Ne7 6. Be2 0-0 7. 0-0 b6 8. Qc2 Bb7 9. b3 Nd7 10. Ba3 a6 11. Rad1 Re8 12. Rfe1 Nf6 13. Ne5 Ne4 14. Nf3 Nxc3 15. Qxc3 c5 16. Qc2 cxd4 17. Nxd4 e5 18. Nf3 Qc7 19. Qb1 dxc4 20. Bxc4 b5 21. Be2 Nd5 22. Bb2 Nc3 23. Bxc3 Qxc3 24. Rd7 Bc8 25. Rdd1 e4 26. Nd4 Bb7 27. Rc1 Qa5 28. b4 Qb6 29. Nb3 Ra7 30. Red1 Ba8 31. Qc2 Rae7 32. Qc5 Qf6 33. Rd6 Re6 34. Rxe6 Qxe6 35. Qc2 Qb6 36. Qc7 Qf6 37. Nd4 Qg5 38. Qd7 Qd8 39. Qxd8 Rxd8 40. Nb3 Bb2 41. Rc7 Bd5 42. Ra7 Bc4 43. Bxc4 bxc4 44. Nd4 Bxd4 45. exd4 Rc8 0-1

[Event "Titled Tuesday intern op 10th Sep Early"]
[Site "Chess,com INT"]
[Date "2024.09.10"]
[Round "2"]
[White "Filindash, Nikita"]
[Black "Uber Gracia, Hugo"]
[Result "0-1"]
[WhiteElo "2067"]
[BlackElo "2317"]
[PlyCount "70"]
[EventDate "2024.09.10"]
[EventType "swiss (blitz)"]
[EventRounds "11"]
[EventCountry "USA"]
[SourceTitle "EXT 2025"]
[Source "ChessBase"]
[SourceDate "2024.10.14"]
[SourceVersion "1"]
[SourceVersionDate "2024.10.14"]
[SourceQuality "1"]

1. d4 d5 2. c4 dxc4 3. e3 Nf6 4. Bxc4 e6 5. Nc3 Be7 6. Nf3 0-0 7. 0-0 b6 8. e4 Bb7 9. Re1 Nbd7 10. Bf4 a6 11. Qc2 b5 12. Bd3 h6 13. Rad1 Rc8 14. Ne5 c5 15. Nxd7 Nxd7 16. dxc5 Bxc5 17. Qd2 Bc6 18. e5 Qh4 19. Be4 Bxe4 20. Rxe4 Rfd8 21. Bg3 Qe7 22. Qe2 Nf8 23. Bh4 g5 24. Bg3 Ng6 25. Qh5 Rxd1+ 26. Nxd1 Rd8 27. h4 gxh4 28. Bxh4 Nxh4 29. Rxh4 Rxd1+ 30. Kh2 Rd4 31. Rxd4 Bxd4 32. Qg4+ Qg5 33. Qxd4 Kh7 34. g3 Qh5+ 35. Kg2 Qe2 0-1

[Event "Titled Tuesday intern op 10th Sep Early"]
[Site "Chess,com INT"]
[Date "2024.09.10"]
[Round "5"]
[White "Li, Hui"]
[Black "Uber Gracia, Hugo"]
[Result "1-0"]
[WhiteElo "2029"]
[BlackElo "2317"]
[PlyCount "165"]
[EventDate "2024.09.10"]
[EventType "swiss (blitz)"]
[EventRounds "11"]
[EventCountry "USA"]
[SourceTitle "EXT 2025"]
[Source "ChessBase"]
[SourceDate "2024.10.14"]
[SourceVersion "1"]
[SourceVersionDate "2024.10.14"]
[SourceQuality "1"]

1. e4 d5 2. exd5 Qxd5 3. Nc3 Qd8 4. d4 Nf6 5. Nf3 c6 6. Bc4 Bf5 7. Qe2 e6 8. Be3 Be7 9. Ne5 Nbd7 10. 0-0-0 Nxe5 11. dxe5 Nd5 12. Nxd5 exd5 13. Bd3 Be6 14. f4 g6 15. g4 Qd7 16. h3 b6 17. Kb1 h5 18. Rhg1 0-0-0 19. Qf3 hxg4 20. hxg4 f5 21. exf6 Bxf6 22. Bxg6 Qg7 23. Bf5 Bxf5 24. gxf5 Qd7 25. Qg4 Kb8 26. Bc1 Rhf8 27. Qg6 Bh8 28. Qe6 Rxf5 29. Qxd7 Rxd7 30. Rg8+ Kb7 31. Rxh8 Rg7 32. Rhh1 Rg2 33. Rhg1 Rf2 34. Rgf1 Rg2 35. b3 c5 36. a4 d4 37. Rde1 Ka6 38. Re5 Rf7 39. f5 Rg3 40. f6 Rg6 41. Re6 Ka5 42. Bd2+ Ka6 43. Kb2 Rf8 44. Rd6 Rf7 45. Re6 Rf8 46. Rf2 Rf7 47. a5 Kb5 48. axb6 axb6 49. c3 Rf8 50. cxd4 cxd4 51. Rf4 Rf7 52. Rxd4 Rfxf6 53. Rxf6 Rxf6 54. Rd5+ Ka6 55. Rd3 Re6 56. Bc3 Kb5 57. Rd2 Kc6 58. Kc2 Kb5 59. Rf2 Rc6 60. Rf4 Ka6 61. Kb2 Re6 62. Rc4 Rg6 63. Ka3 Kb5 64. Rb4+ Ka6 65. Rf4 Kb5 66. Rf5+ Ka6 67. Re5 Rc6 68. Kb2 Rh6 69. Rd5 Rh2+ 70. Ka3 Rh6 71. Kb4 Rh4+ 72. Bd4 Rh6 73. Kc4 Rc6+ 74. Kd3 Re6 75. Re5 Rh6 76. Rf5 Re6 77. Rf6 Rxf6 78. Bxf6 Kb5 79. Kc3 Kc6 80. Kc4 b5+ 81. Kb4 Kb6 82. Bd4+ Ka6 83. Be3 1-0

[Event "Titled Tuesday intern op 10th Sep Early"]
[Site "Chess,com INT"]
[Date "2024.09.10"]
[Round "6"]
[White "Uber Gracia, Hugo"]
[Black "Aranda, Juan Manuel"]
[Result "0-1"]
[WhiteElo "2317"]
[BlackElo "2135"]
[PlyCount "54"]
[EventDate "2024.09.10"]
[EventType "swiss (blitz)"]
[EventRounds "11"]
[EventCountry "USA"]
[SourceTitle "EXT 2025"]
[Source "ChessBase"]
[SourceDate "2024.10.14"]
[SourceVersion "1"]
[SourceVersionDate "2024.10.14"]
[SourceQuality "1"]

1. d4 d6 2. Nf3 Bg4 3. e3 c6 4. c3 Nd7 5. h3 Bh5 6. Be2 e5 7. dxe5 dxe5 8. Nbd2 Ngf6 9. 0-0 Be7 10. e4 0-0 11. Qc2 Re8 12. Rd1 Qc7 13. Nc4 b5 14. Ne3 Bg6 15. Nf5 Nc5 16. Bd3 Bxf5 17. exf5 Nxd3 18. Qxd3 e4 19. Qc2 exf3 20. gxf3 Bc5 21. Bg5 Qg3+ 22. Kf1 Qxh3+ 23. Kg1 Qg3+ 24. Kh1 Qxf3+ 25. Kh2 Ng4+ 26. Kg1 Qg3+ 27. Kf1 Nh2# 0-1

[Event "Titled Tuesday intern op 10th Sep Early"]
[Site "Chess,com INT"]
[Date "2024.09.10"]
[Round "1"]
[White "Uber Gracia, Hugo"]
[Black "Vasquez Schroder, Rodrigo Rafael"]
[Result "0-1"]
[WhiteElo "2317"]
[BlackElo "2457"]
[PlyCount "108"]
[EventDate "2024.09.10"]
[EventType "swiss (blitz)"]
[EventRounds "11"]
[EventCountry "USA"]
[SourceTitle "EXT 2025"]
[Source "ChessBase"]
[SourceDate "2024.10.14"]
[SourceVersion "1"]
[SourceVersionDate "2024.10.14"]
[SourceQuality "1"]

1. d4 Nf6 2. Nf3 e6 3. e3 d5 4. c3 c5 5. Bd3 Nbd7 6. 0-0 Bd6 7. Nbd2 0-0 8. Qe2 e5 9. dxe5 Nxe5 10. Nxe5 Bxe5 11. h3 Re8 12. Nf3 Bc7 13. b3 b6 14. Bb2 Bb7 15. Rfd1 Qe7 16. Rac1 a6 17. Bb1 b5 18. a4 bxa4 19. bxa4 Bc6 20. Bc2 Rab8 21. Ba3 Bd6 22. Qxa6 Qc7 23. Qe2 Ra8 24. Bb2 Bxa4 25. Bxa4 Rxa4 26. Qc2 Qc6 27. Ra1 Rxa1 28. Rxa1 c4 29. Nd4 Qb7 30. Bc1 g6 31. Qa4 Rb8 32. Nc6 Rc8 33. Nd4 Ne4 34. Nb5 Bc5 35. f3 Nf6 36. Bd2 Qb6 37. Nd4 Qb2 38. Ra2 Qb1+ 39. Kf2 Rb8 40. Qa6 Kg7 41. Nc6 Rb2 42. Rxb2 Qxb2 43. Ke2 Qb1 44. Nd4 Qg1 45. g4 Qg2+ 46. Kd1 Bxd4 47. exd4 Qxf3+ 48. Kc1 Qf1+ 49. Kc2 Qd3+ 50. Kc1 Ne4 51. Bf4 Qxc3+ 52. Kb1 Qxd4 53. g5 Qg1+ 54. Kb2 Qf2+ 0-1

[Event "Mutxamel 6th"]
[Site "Mutxamel"]
[Date "2024.08.20"]
[Round "3"]
[White "Cruz, Jonathan"]
[Black "Uber Gracia, Hugo"]
[Result "0-1"]
[WhiteElo "2326"]
[BlackElo "2312"]
[PlyCount "90"]
[EventDate "2024.08.19"]
[EventType "tourn"]
[EventRounds "9"]
[EventCountry "ESP"]
[EventCategory "2"]
[SourceTitle "CBM 221 Extra"]
[Source "ChessBase"]
[SourceDate "2024.09.30"]
[SourceVersion "1"]
[SourceVersionDate "2024.09.30"]
[SourceQuality "1"]

1. Nf3 d5 2. b3 Bf5 3. c4 c6 4. Ba3 Nd7 5. g3 h6 6. Bg2 e6 7. Bxf8 Nxf8 8. 0-0 Nf6 9. d4 N8d7 10. Nc3 0-0 11. Qc1 a6 12. Nd2 Qe7 13. Qb2 Rfd8 14. Rfe1 Rab8 15. Rac1 Bg6 16. f4 c5 17. e3 Qd6 18. Na4 cxd4 19. c5 Qc6 20. exd4 b6 21. Nf3 bxc5 22. Qa3 Ne4 23. dxc5 Rbc8 24. b4 Qc7 25. Nd4 e5 26. fxe5 Qxe5 27. Qe3 Ndf6 28. Rcd1 Ng4 29. Qf4 Qh5 30. Nf3 Ng5 31. Nh4 Bc2 32. Rd4 Bxa4 33. Qxg4 Qxg4 34. Rxg4 d4 35. Nf3 Nxf3+ 36. Bxf3 d3 37. Bd1 d2 38. Rf1 Bb5 39. Rf2 Rd3 40. Re4 Rcd8 41. a4 Bc6 42. Ref4 f6 43. Kf1 Re3 44. Re2 Ra3 45. b5 Ra1 0-1

[Event "Titled Tuesday intern op 13th Aug Early"]
[Site "Chess.com INT"]
[Date "2024.08.13"]
[Round "2"]
[White "Uber Gracia, Hugo"]
[Black "Fiorito, Joaquin"]
[Result "1-0"]
[WhiteElo "2312"]
[BlackElo "2403"]
[PlyCount "67"]
[EventDate "2024.08.13"]
[EventType "swiss (blitz)"]
[EventRounds "11"]
[EventCountry "USA"]
[SourceTitle "EXT 2025"]
[Source "ChessBase"]
[SourceDate "2024.10.14"]
[SourceVersion "1"]
[SourceVersionDate "2024.10.14"]
[SourceQuality "1"]

1. d4 Nf6 2. Nf3 g6 3. e3 Bg7 4. c3 0-0 5. Bd3 d5 6. 0-0 b6 7. Nbd2 Bb7 8. Qe2 c5 9. Re1 Nc6 10. b3 Re8 11. Ba3 Nd7 12. Bb2 e5 13. dxe5 Ndxe5 14. Nxe5 Bxe5 15. Nf3 Bg7 16. Qd2 Qf6 17. Rab1 Qd6 18. Bb5 a6 19. Be2 Rad8 20. Red1 b5 21. c4 bxc4 22. Bxg7 Kxg7 23. bxc4 Qe7 24. cxd5 Nb4 25. a3 Nxd5 26. Qb2+ Qf6 27. Qxf6+ Kxf6 28. Rxb7 Nc3 29. Rxd8 Rxd8 30. Kf1 Rd6 31. Ke1 Rc6 32. Bc4 g5 33. Rxf7+ Kg6 34. Ne5+ 1-0

[Event "Titled Tuesday intern op 13th Aug Early"]
[Site "Chess.com INT"]
[Date "2024.08.13"]
[Round "1"]
[White "Uber Gracia, Hugo"]
[Black "Kislinsky, Alexey"]
[Result "0-1"]
[WhiteElo "2312"]
[BlackElo "2355"]
[PlyCount "82"]
[EventDate "2024.08.13"]
[EventType "swiss (blitz)"]
[EventRounds "11"]
[EventCountry "USA"]
[SourceTitle "EXT 2025"]
[Source "ChessBase"]
[SourceDate "2024.10.14"]
[SourceVersion "1"]
[SourceVersionDate "2024.10.14"]
[SourceQuality "1"]

1. d4 Nf6 2. Nf3 g6 3. e3 Bg7 4. c3 0-0 5. Bd3 d6 6. 0-0 Nbd7 7. Nbd2 e5 8. dxe5 dxe5 9. Bc2 Re8 10. e4 a5 11. a4 Nc5 12. Qe2 b6 13. Nc4 Ba6 14. b4 axb4 15. cxb4 Ne6 16. Be3 Nh5 17. b5 Bb7 18. Nfxe5 Nd4 19. Bxd4 Qxd4 20. Rad1 Qc5 21. Nd7 Qg5 22. Qf3 Nf4 23. Ne3 Ne6 24. Qe2 Rad8 25. Qc4 h5 26. e5 Nf4 27. Be4 Bc8 28. Nf6+ Bxf6 29. exf6 Qxf6 30. Bc6 Rf8 31. Kh1 Be6 32. Qc2 h4 33. h3 Qg5 34. Ng4 Bxg4 35. hxg4 Qxg4 36. Bf3 Qg5 37. Rxd8 Rxd8 38. Rd1 Rxd1+ 39. Qxd1 Ne6 40. Qd7 Qe5 41. Qxc7 Qxc7 0-1

[Event "Titled Tuesday intern op 06th Aug Early"]
[Site "Chess.com INT"]
[Date "2024.08.06"]
[Round "8"]
[White "Shapiro, Daniel E"]
[Black "Uber Gracia, Hugo"]
[Result "0-1"]
[WhiteElo "2284"]
[BlackElo "2312"]
[PlyCount "62"]
[EventDate "2024.08.06"]
[EventType "swiss (blitz)"]
[EventRounds "11"]
[EventCountry "USA"]
[SourceTitle "EXT 2025"]
[Source "ChessBase"]
[SourceDate "2024.10.14"]
[SourceVersion "1"]
[SourceVersionDate "2024.10.14"]
[SourceQuality "1"]

1. d4 d5 2. c4 dxc4 3. e4 Nf6 4. e5 Nd5 5. Bxc4 c6 6. Ne2 Nb6 7. Bb3 Bf5 8. Nbc3 e6 9. 0-0 Be7 10. Be3 0-0 11. Qd2 N8d7 12. Rad1 Nd5 13. Ng3 Bg6 14. f4 Nxe3 15. Qxe3 c5 16. d5 c4 17. Bxc4 Bc5 18. Rd4 Bxd4 19. Qxd4 Qb6 20. Rd1 Rac8 21. Bb3 Nc5 22. f5 Nxb3 23. Qxb6 axb6 24. fxg6 Nc5 25. gxf7+ Rxf7 26. b4 Na6 27. dxe6 Re7 28. Nd5 Rxe6 29. Nf5 Kh8 30. Nd6 Rf8 31. Nxb7 Rxe5 0-1

[Event "Titled Tuesday intern op 06th Aug Early"]
[Site "Chess.com INT"]
[Date "2024.08.06"]
[Round "7"]
[White "Uber Gracia, Hugo"]
[Black "Fang, Elbert"]
[Result "0-1"]
[WhiteElo "2312"]
[BlackElo "2077"]
[PlyCount "68"]
[EventDate "2024.08.06"]
[EventType "swiss (blitz)"]
[EventRounds "11"]
[EventCountry "USA"]
[SourceTitle "EXT 2025"]
[Source "ChessBase"]
[SourceDate "2024.10.14"]
[SourceVersion "1"]
[SourceVersionDate "2024.10.14"]
[SourceQuality "1"]

1. d4 Nf6 2. Nf3 g6 3. e3 Bg7 4. c3 d6 5. Bd3 Nbd7 6. 0-0 0-0 7. Nbd2 e5 8. dxe5 dxe5 9. Bc2 b6 10. e4 Bb7 11. Re1 Qe7 12. Nc4 Rad8 13. Qe2 Ne8 14. Bg5 f6 15. Be3 Nd6 16. Nxd6 cxd6 17. Red1 Nc5 18. Nd2 f5 19. f3 Kh8 20. a4 Ba6 21. Nc4 Rc8 22. b3 fxe4 23. fxe4 Ne6 24. Bd3 Nf4 25. Bxf4 exf4 26. Qd2 Bxc4 27. Bxc4 Qxe4 28. Qxd6 f3 29. Bd5 f2+ 30. Kh1 Qe2 31. Bf3 Rxf3 32. Rf1 Rff8 33. c4 Bxa1 34. Rxa1 f1R+ 0-1

[Event "Titled Tuesday intern op 06th Aug Early"]
[Site "Chess.com INT"]
[Date "2024.08.06"]
[Round "5"]
[White "Uber Gracia, Hugo"]
[Black "Fernandez Hernandez, Gerardo"]
[Result "0-1"]
[WhiteElo "2312"]
[BlackElo "2126"]
[PlyCount "52"]
[EventDate "2024.08.06"]
[EventType "swiss (blitz)"]
[EventRounds "11"]
[EventCountry "USA"]
[SourceTitle "EXT 2025"]
[Source "ChessBase"]
[SourceDate "2024.10.14"]
[SourceVersion "1"]
[SourceVersionDate "2024.10.14"]
[SourceQuality "1"]

1. d4 Nf6 2. Nf3 g6 3. e3 Bg7 4. c3 0-0 5. Bd3 d6 6. 0-0 Nbd7 7. Nbd2 e5 8. dxe5 dxe5 9. Qc2 Re8 10. e4 Nc5 11. Be2 a5 12. a4 c6 13. Rd1 Qc7 14. Nc4 Ncxe4 15. Ncxe5 Bf5 16. Bd3 Nd6 17. Bf4 Nh5 18. Bxf5 Nxf4 19. Qd2 Nxf5 20. Qxf4 Bxe5 21. Qg4 Bg7 22. Qh3 Rad8 23. g4 Nh6 24. Re1 Rxe1+ 25. Rxe1 Qd7 26. Qg3 Qxg4 0-1